Guess the lyrics! - Beatles Song #1 - Statistics

General Stats
  • This quiz has been taken 4,376 times
  • The average score is 64 of 99
Answer Stats
Lyrics % Correct
I
98%
I
98%
a
95%
a
95%
a
95%
you
93%
you
93%
you
93%
you
93%
you
93%
you
93%
you
93%
you
93%
you...
93%
love
90%
love
90%
love
90%
to
83%
to
83%
to
83%
to
83%
to
83%
to
83%
the
82%
the
82%
the
82%
me
81%
me
81%
Do
79%
Do
79%
Do
79%
Do
79%
want
79%
want
79%
in
71%
in
71%
in
71%
in
71%
know
69%
know
69%
know
69%
know
69%
with
66%
with
66%
we
65%
your
64%
your
64%
I'm
63%
I'm
63%
secret?
62%
secret
62%
secret?
62%
not
59%
not
59%
let
57%
let
57%
tell?
57%
tell?
57%
hear:
55%
hear:
55%
for
53%
promise
52%
promise
52%
Say
52%
Say
52%
woah oh, oh
52%
woah oh, oh
52%
how
50%
how
50%
words
50%
words
50%
really
49%
really
49%
ear
46%
ear
46%
Listen,
46%
Listen,
46%
long
45%
long
45%
much
45%
much
45%
whisper
45%
whisper
45%
just
43%
care
42%
Closer,
42%
Closer,
42%
or
42%
never
41%
never
41%
I've
40%
You'll
39%
You'll
39%
two,
38%
two.
38%
week
36%
known
33%
knows
33%
nobody
33%
No matching quizzes found
Score Distribution
Percent of People with Each Score
Percentile by Number Answered
Your Score History
You have not taken this quiz